Kraje strefy euro - Statystyki

Ogólne statystyki
  • Ten quiz został rozwiązany 66 razy
  • Średni wynik to 22 z 27
Statystyki odpowiedzi
Kraj % Poprawnych
Hiszpania
97%
Niemcy
97%
Portugalia
97%
Belgia
94%
Francja
91%
Grecja
91%
Litwa
91%
Łotwa
91%
Chorwacja
89%
Estonia
89%
Finlandia
89%
Holandia
89%
Włochy
89%
Austria
86%
Luksemburg
86%
Słowacja
86%
Andora
80%
Czarnogóra
77%
Malta
77%
Słowenia
77%
*Bułgaria
74%
Irlandia
74%
Watykan
71%
Cypr
66%
San Marino
66%
Monako
63%
Kosowo
51%
Nie znaleziono quizów pasujących do podanych kryteriów
Rozkład punktacji
Procent ludzi z każdym wynikiem
Percentyl według liczby udzielonych odpowiedzi
Twoja historia wyników
Nie rozwiązałeś tego quizu